000 00440nam a2200193Ia 4500
005 20240823023814.0
008 240823s9999||||xx |||||||||||||| ||und||
020 _a0-19-567800-1
041 _aENGLISH
082 _A823 P6
100 _a"Vicary,Tim"
245 4 _aThe Elephant Man
250 _aIst
260 _c2006
_bOxford University
_aNew Delhi
500 _aYES
650 _aStory
_bGeneral
942 _cBK
999 _c182423
_d182423